000 00731nam a22002057a 4500
005 20100816101843.0
010 _aENG-100423
020 _a9789380077055
_c100.00
035 _aEN-83956
037 _bDBAD/PUB
082 _a641.63
245 _aMeals with vegetables /
250 _a3rd ed
260 _aNew Delhi
_bScience of the Soul Research Centre
_c2009
270 _aC/o Radha Soami Satsang Beas 5 Guru Ravi Dass Marag, Pusa Road
_bNew Delhi
_e110005
300 _a234 p.
_c22 cm(pbk)
500 _aIncluded index
942 _2ddc
_cEN
_h641.63
_mMEA
999 _c42043
_d42043